Statistické zpracování experimentálních dat : Sbírka úloh (s disketou) /

Salvato in:
Dettagli Bibliografici
Autori principali: Meloun, Milan (Autore), Militký, Jiří (Autore)
Natura: Libro
Lingua:ceco
Pubblicazione: Pardubice : Univerzita Pardubice, 1996
Edizione:1. vyd
Soggetti:
Accesso online:OBSAH
Tags: Aggiungi Tag
Nessun Tag, puoi essere il primo ad aggiungerne!!

MARC

LEADER 00000nam a22000003a 4500
001 stu15888
005 20150617225757.7
008 971120s1996----xr------------------cze-d
020 |a 80-7194-075-5 
040 |a STU  |b slo 
041 0 |a cze 
044 |a xr 
080 |a 519.21 
080 |a 519.248 
080 |a 53.08 
084 |a A0250  |2 INS 
100 1 |a Meloun, Milan  |4 aut 
245 1 |a Statistické zpracování experimentálních dat :  |b Sbírka úloh (s disketou) /  |c [aut.]Meloun,Milan, Militký,Jiří 
250 |a 1. vyd 
260 |a Pardubice :  |b Univerzita Pardubice,  |c 1996 
300 |a 308 s :  |b Tab.,lit 
650 7 |a spracovanie dát  |2 stusub 
650 7 |a štatistika  |2 stusub 
650 7 |a štatistická analýza  |2 stusub 
650 7 |a meranie  |2 stusub 
700 1 |a Militký, Jiří  |4 aut 
856 4 |a https://sweb.mtf.stuba.sk/obsahy/statisticke_zpracovani_experimentalnich_dat_sbirka_uloh_96  |u https://sweb.mtf.stuba.sk/obsahy/statisticke_zpracovani_experimentalnich_dat_sbirka_uloh_96  |3 OBSAH 
996 |b 284EK82805  |c E*82805  |l EE11  |s P  |a 0  |w stu15888_0001 
996 |b C95484  |c C*95484  |l CCXXIII  |s P  |a 0  |w stu15888_0002 
996 |b 284M072849  |c M*11901-1  |l MMST  |s A  |a 24  |w stu15888_0003 
996 |b C95110  |c C*95110  |l CCXX  |s P  |a 0  |w stu15888_0004